00359nam a2200145Ia 4500008004100000020001500041041001200056082001600068100001700084245004300101260003300144300000800177650001400185700001400199221030s9999 xx 000 0 und d a8127217271 aEnglish a105.23bBha aS. S. Bhatia 0aComputer Network & Data Communication bKalani Pub.aNew Delhic2004 a383 aComputers aY. Sharma